000 00395nam a22001697a 4500
003 MPLRDC
005 20220104164314.0
008 210129b ||||| |||| 00| 0 eng d
082 _a490.8 MB v.15
100 _aELBERT V. BOWDEN
245 _aECONOMICS
_c
260 _a
_bALEXANDER HAMILTON I
_c1977
300 _b
490 _aMODERN BUSINESS
650 _a
942 _cBK
_o490.8 MB v.15
999 _c56895
_d56885